Score 0/12 Timer 01:00
2 Plays Today
Hint 4-Letter Word % Correct
Gun noiseBANG
96.9%
Facebook buttonLIKE
94.6%
Superman's LoisLANE
94.1%
Michigan or Lucerne, e.g.LAKE
91.4%
Singer kd ___LANG
91.1%
Riley's imaginary friend: ____-[Last Rung]
OR Chandler's surname on 'Friends'
BING
89.8%
Common koi habitatPOND
74.7%
Medieval infantry weaponPIKE
67.2%
'Die Another Day' characterBOND
66.9%
Cornmeal breadPONE
61.8%
Riley's imaginary friend: [First Rung]-____
OR A waterpipe
BONG
60.8%
Hawaiian raw fish saladPOKE
54.7%

Today's Daily Dose

Remove Ads.
Support Sporcle.
Get the best of Sporcle when you Go Orange. This ad-free experience offers more features, more stats, and more fun while also helping to support Sporcle. Thank you for becoming a member.

You're not logged in!

Compare scores with friends on all Sporcle quizzes.
OR
Log In

Show Comments

Extras

Top Quizzes Today


Score Distribution

Your Account Isn't Verified!

In order to create a playlist on Sporcle, you need to verify the email address you used during registration. Go to your Sporcle Settings to finish the process.

Report this User

Report this user for behavior that violates our Community Guidelines.

Details: